00664nam a2200205Ia 4500003000400000008004100004020002300045040000800068100002400076245005600100260004000156300001500196365001100211901002100222902003400243903005800277942001200335952009400347999001700441LDD181029s9999 xx 000 0 und d a817992422Xc250.00 cLDD aAndrews, Charles F. 0aMahatma Gandhi his life & IdeascCharles F. Andrews aDelhibJaico Publishing Housec2006 axxxi, 301p b250.00 a3465b07-11-2006 a863b07-12-2006cFdAAKARe32 aDiscount-10bReqst by : Gopal, D. (Dr.)  2ddccBK 00102ddc4070976902aLDDbLDDl0o954.035092 An26Mp060231r2018-11-01w2018-11-01yBK c76903d76903